书目信息 |
| 题名: |
中国绘画简史
|
|
| 作者: | 陈师曾 著 | |
| 分册: | ||
| 出版信息: | 北京 中国画报出版社 2022 |
|
| 页数: | 14,380页 | |
| 开本: | 19cm | |
| 丛书名: | ||
| 单 册: | ||
| 中图分类: | J209.2 | |
| 科图分类: | ||
| 主题词: | 绘画史--中国 | |
| 电子资源: | ||
| ISBN: | 978-7-5146-2062-7 | |
| 000 | 00952nam0 2200229 450 | |
| 001 | 2274907168 | |
| 005 | 20221008204843.33 | |
| 010 | @a978-7-5146-2062-7@b精装@dCNY98.00 | |
| 100 | @a20220426d2022 em y0chiy50 ea | |
| 101 | 0 | @achi |
| 102 | @aCN@b110000 | |
| 105 | @aa z 000yy | |
| 200 | 1 | @a中国绘画简史@9zhong guo hui hua jian shi@f陈师曾著 |
| 210 | @a北京@c中国画报出版社@d2022 | |
| 215 | @a14,380页@d19cm | |
| 300 | @a中画史鉴 全景插图版 026 | |
| 330 | @a本书根据陈师曾在艺校讲授中国绘画史的授课讲义编辑而成。全书共分三编:第一编上古史,分六章,叙述三代至隋的绘画;第二编中古史,分四章,叙述唐至元的绘画;第三编近世史,分两章,叙述明清两代绘画。全书梳理了历代画史脉络、技法沿革、题材变迁以及重要的画派、画家等内容,配以300张典藏古画。书末还附有数篇有关绘画史的专题论文。 | |
| 606 | 0 | @a绘画史@y中国 |
| 690 | @aJ209.2@v5 | |
| 701 | 0 | @a陈师曾@9chen shi zeng@f(1876-1923)@4著 |
| 801 | 0 | @aCN@b91MARC@c20220525 |
| 905 | @aZUCC@dJ209.2@e10 | |
| 中国绘画简史/陈师曾著.-北京:中国画报出版社,2022 |
| 14,380页;19cm |
| 中画史鉴 全景插图版 026 |
| ISBN 978-7-5146-2062-7(精装):CNY98.00 |
| 本书根据陈师曾在艺校讲授中国绘画史的授课讲义编辑而成。全书共分三编:第一编上古史,分六章,叙述三代至隋的绘画;第二编中古史,分四章,叙述唐至元的绘画;第三编近世史,分两章,叙述明清两代绘画。全书梳理了历代画史脉络、技法沿革、题材变迁以及重要的画派、画家等内容,配以300张典藏古画。书末还附有数篇有关绘画史的专题论文。 |
| ● |
| 相关链接 |
|
|
|
正题名:中国绘画简史
索取号:J209.2/10
 
预约/预借
| 序号 | 登录号 | 条形码 | 馆藏地/架位号 | 状态 | 备注 |
| 1 | 2000913547 | 2000913547 | 第三书库/ [索取号:J209.2/10] | 在馆 | |
| 2 | 2000913548 | 2000913548 | 第三书库/ [索取号:J209.2/10] | 在馆 | |
| 3 | 2000913549 | 2000913549 | 第三书库/ [索取号:J209.2/10] | 在馆 |